000 00311nam a22001337a 4500
008 171012b xxu||||| |||| 00| 0 eng d
020 _a0721645186
041 _aeng
080 _a316
100 _a50
101 _aSOC
245 _aUNDERSTANDING RESEARCH IN THE SOCIAL SCIENCES
_cHARDYCK,C
942 _2udc
_cBK
999 _c33327
_d33327